| 000 | 01257nam a2200301 a 4500 | ||
|---|---|---|---|
| 001 | 000014705 | ||
| 003 | DO-SdBNP | ||
| 005 | 20250723150124.0 | ||
| 008 | 100119s2009 dr ac r 000 0 spa d | ||
| 020 | _a9789945443394 | ||
| 040 |
_aDO-SdBNP _bspa _cBNPHU |
||
| 082 | 4 |
_aRD860 _bD359a _222 |
|
| 100 | 1 |
_aDelmonte Soñé, José Enrique, _d1964- _933350 |
|
| 245 | 1 | 0 |
_aAlquimias de la ciudad perdida : _brelatos breves para compartir en sobremesa bajo lluvia / _cJosé Enrique Delmonte Soñé; prólogo Marcio Veloz Maggiolo. |
| 260 |
_aSanto Domingo : _bBanco Central de la República Dominicana, _c2009. |
||
| 300 |
_a109 p. : _bil.; retrs. |
||
| 490 | 1 |
_aBanco Central de la República Dominicana ; _v112 |
|
| 490 | 1 |
_aArte y Literatura ; _v47 |
|
| 500 | _aIncluye datos biográficos del autor en la solapa de la cubierta. | ||
| 650 | 0 |
_aProsa dominicana _912146 |
|
| 650 | 0 |
_aLiteratura dominicana. _967 |
|
| 650 | 4 |
_aSanto Domingo _zRepública Dominicana _933351 _xHistoria local |
|
| 651 | 4 |
_aRepública Dominicana _xVida social y costumbres _9405 |
|
| 700 | 1 |
_aVeloz Maggiolo, Marcio, _d1936-2021 _epról. _91104 |
|
| 830 | 0 |
_aBanco Central de la República Dominicana _n112 _933352 |
|
| 830 | 0 |
_aArte y Literatura _n47 _933353 |
|
| 942 |
_2ddc _cLBS1 |
||
| 999 |
_c14288 _d14288 |
||